[Event "Prague Golden Blitz op 17th"]
[Site "Prague"]
[Date "2022.07.16"]
[Round "11"]
[White "Divisek, Radim"]
[Black "Trunecka, Tomas"]
[Result "1-0"]
[WhiteElo "1666"]
[BlackElo "1447"]
[PlyCount "69"]
[EventDate "2022.07.16"]
[EventType "swiss (blitz)"]
[EventRounds "11"]
[EventCountry "CZE"]
[SourceTitle "CBM 209 Extra"]
[Source "ChessBase"]
[SourceDate "2022.09.30"]
[SourceVersion "1"]
[SourceVersionDate "2022.09.30"]
[SourceQuality "1"]

1. e3 e5 2. b3 d5 3. Bb2 Nc6 4. d3 Bd7 5. Ne2 Nf6 6. h3 Bd6 7. g4 h6 8. Bg2 Qe7 9. Nbc3 a6 10. Qd2 0-0-0 11. h4 Nxg4 12. Nxd5 Qe6 13. e4 f5 14. f3 Nf6 15. Nxf6 gxf6 16. 0-0-0 Rdg8 17. Bh3 Ne7 18. Nc3 Bb4 19. a3 Ba5 20. b4 Bb6 21. a4 Qd6 22. Ba3 f4 23. Kb2 Bd4 24. Bxd7+ Qxd7 25. Kb1 Rg3 26. b5 Bxc3 27. Qxc3 axb5 28. Qa5 Kb8 29. axb5 Qd4 30. Bxe7 Rhg8 31. c3 Qe3 32. b6 Qxb6+ 33. Qxb6 cxb6 34. Bxf6 Rxf3 35. Bxe5+ 1-0